| 000 | 00477nam a2200157Ia 4500 | ||
|---|---|---|---|
| 008 | 231217s9999 xx 000 0 und d | ||
| 041 | _aEnglish | ||
| 082 | _a001.6425 AHO;25 | ||
| 100 | _aAho, Alfred V.Sethi, Ravi. Ullman, Jeffrey D. | ||
| 245 | 0 | _aCompilers : principles, techniques and tools | |
| 260 |
_c1986 _bPearson Education _aNew Delhi |
||
| 300 | _a779 | ||
| 500 | _aContent page available | ||
| 650 | _aCompilers,:,principles,,techniques,tools | ||
| 942 | _cAA | ||
| 999 |
_c178266 _d178266 |
||